000 01320nab a22002537a 4500
999 _c5575
_d5575
003 OSt
005 20251219085056.0
008 190429b xxu||||| |||| 00| 0 spa d
040 _cPJ
100 _96552
_aSalvatori, Rita
245 1 3 _aEl principio de oportunidad para adolescentes infractores en el Código Procesal Penal Federal :
_ba remisión /
_cRita Salvatori.
260 _cCiudad Autónoma de Buenos Aires :
_aThomson Reuters La Ley,
_b2025.
300 _ap. 153-164
500 _aCita: TR LALEY AR/DOC/727/2025.
505 _aSumario: I. Introducción.— II. Génesis del instituto de la remisión. Conceptos.— III. Fundamento normativo.— IV. La remisión en el Código Procesal Penal Federal y su marco en el nuevo organigrama del Ministerio Público Fiscal.— V. Consideraciones finales.— VI. Bibliografía.
505 _tSi te interesa el texto completo, solicitalo a koha@justierradelfuego.gov.ar
650 0 _9343
_aDERECHO PENAL
650 0 _92730
_aRÉGIMEN PENAL DE LA MINORIDAD
650 0 _94022
_aMINISTERIO PÚBLICO FISCAL
650 0 _92500
_aCODIGO PROCESAL PENAL
650 0 _95662
_aADOLESCENTES
773 0 _02658
_93164
_tRevista de derecho penal y criminología. Nº 4 - Mayo 2025
_dCiudad Autónoma de Buenos Aires : Thomson Reuters La Ley, 2017-
_x00347914
942 _2udc
_cANA